000 004780000a22001930004500
003 LK-CoMWRAF
005 20230914141054.0
008 230817t ||||| |||| 00| 0 eng d
040 _aLK-CoMWRAF
_dLK-CoMWRAF
_eLK-CoMWRAF
041 _aeng
082 _a297.124
_bMAN
100 _aAli,Maulana Muhammad
245 _aA Manual of Hadith
250 _a1st. Edition
260 _aLahore :
_bThe Anjumman Ishaat-I-Islam,
300 _a409p
650 _aHadiths
942 _cBK
999 _c3175
_d3175